Moral politics in the Philippines : inequality, democracy, and the urban poor. (Record no. 365201)
[ view plain ]
| 000 -LEADER | |
|---|---|
| fixed length control field | 00707nam a22002057a 4500 |
| 003 - CONTROL NUMBER IDENTIFIER | |
| control field | 0 |
| 005 - DATE AND TIME OF LATEST TRANSACTION | |
| control field | 20230824085032.0 |
| 008 - FIXED-LENGTH DATA ELEMENTS--GENERAL INFORMATION | |
| fixed length control field | 230824b xxu||||| |||| 00| 0 eng d |
| 020 ## - INTERNATIONAL STANDARD BOOK NUMBER | |
| International Standard Book Number | 978-971-550-898-8 |
| 050 ## - LIBRARY OF CONGRESS CALL NUMBER | |
| Classification number | JA 79 |
| Item number | .K87 2019 |
| 100 ## - MAIN ENTRY--PERSONAL NAME | |
| Personal name | Kusaka, Wataru |
| 245 ## - TITLE STATEMENT | |
| Title | Moral politics in the Philippines : inequality, democracy, and the urban poor. |
| Statement of responsibility, etc | Wataru Kusaka |
| 260 ## - PUBLICATION, DISTRIBUTION, ETC. (IMPRINT) | |
| Place of publication, distribution, etc | Quezon City |
| Name of publisher, distributor, etc | Ateneo de Manila University Press |
| Date of publication, distribution, etc | c2019. |
| 300 ## - PHYSICAL DESCRIPTION | |
| Extent | xviii, 342 pages ; |
| Dimensions | 23 cm. |
| 500 ## - GENERAL NOTE | |
| General note | Political ethics--Philippines. |
| 504 ## - BIBLIOGRAPHY, ETC. NOTE | |
| Bibliography, etc | Includes bibliographical references. |
| 650 ## - SUBJECT ADDED ENTRY--TOPICAL TERM | |
| Topical term or geographic name as entry element | Political ethics--Philippines. |
| 650 ## - SUBJECT ADDED ENTRY--TOPICAL TERM | |
| Topical term or geographic name as entry element | Political participation--Philippines. |
| 942 ## - ADDED ENTRY ELEMENTS (KOHA) | |
| Source of classification or shelving scheme | Library of Congress Classification |
| Koha item type | Books |
| Withdrawn status | Lost status | Source of classification or shelving scheme | Damaged status | Home library | Current library | Shelving location | Date acquired | Source of acquisition | Sub Shelving location | Total Checkouts | Full call number | Barcode | Date last seen | Price effective from | Koha item type |
|---|---|---|---|---|---|---|---|---|---|---|---|---|---|---|---|
| Library of Congress Classification | College Library | College Library | Filipiniana Section | 08/24/2023 | Library Fund | JA 79 .K87 2019 | C22864 | 08/24/2023 | 08/24/2023 | Books |